| 000 | 01048nam a2200241 a 4500 | ||
|---|---|---|---|
| 001 | 79251 | ||
| 003 | BD-RjUL | ||
| 005 | 20220125124405.0 | ||
| 008 | 220125s2021 bg ||||| |||| 00| 0 ben d | ||
| 035 | _a(BD-RjUL)79251 | ||
| 040 |
_aBD-RjUL _beng _cBD-RjUL |
||
| 041 | _aben | ||
| 082 |
_223 _a305.42092 _bKHB 2021 |
||
| 100 |
_aখালেক, রাশেদা _9878 |
||
| 245 | 1 | 0 |
_aবৈশ্বিক নারীবাদী আন্দোলনের রুপরেখা রোকেয়া সাখাওয়াত হোসেন / _cরাশেদা খালেক |
| 260 |
_aঢাকা : _bনবান্ন প্রকাশনী, _c২০২১ |
||
| 300 |
_a২০৪ পৃ.; _c২২ সেমি. |
||
| 600 |
_aহোসেন, রোকেয়া সাখাওয়াত _d১৮৮০-১৯৩২ _9879 |
||
| 600 |
_aHossain, Rokeya Sakhawat _d1880-1932 _9880 |
||
| 650 |
_aনারী _xসামাজিক অবস্থা _9883 |
||
| 650 |
_aWomen _xSocial conditions _9882 |
||
| 942 |
_2ddc _cBK |
||
| 999 |
_c79251 _d79251 |
||